| 000 | 00541nam a22001817a 4500 | ||
|---|---|---|---|
| 003 | BD-DhUL | ||
| 005 | 20190325162359.0 | ||
| 008 | 181017s1962 ii ||||| |||| 00| 0 urd d | ||
| 040 |
_aBD-DhUL _cBD-DhUL |
||
| 082 |
_a891.431 _bSAH |
||
| 100 | 3 | 0 | _aسعید الدین احمد۔ |
| 245 | 0 | 0 |
_aہدیۂ سعید / _cسعید الدین احمد۔ |
| 246 | _aHadiya-e Sa'īd | ||
| 260 |
_aعلی گرھ : _bمسلم یونیورسٹی، _c۱۹۲۶۔ |
||
| 300 |
_aص۔ ۴۸۵ ؛ _c ۱۸ سم۔ |
||
| 650 | 4 | _aUrdu poetry. | |
| 942 |
_2ddc _cBK |
||
| 999 |
_c246796 _d246796 |
||